书目信息 |
| 题名: |
高管之路
|
|
| 作者: | 布莱恩特 , 布莱恩特 著 ;谭静 , 叶硕 译 | |
| 分册: | ||
| 出版信息: | 南京 译林出版社 2013 |
|
| 页数: | 220页 | |
| 开本: | 25cm | |
| 丛书名: | ||
| 单 册: | ||
| 中图分类: | F272.91 | |
| 科图分类: | ||
| 主题词: | 企业领导学--通俗读物 , 企业领导学 | |
| 电子资源: | ||
| ISBN: | 978-7-5447-3300-7 | |
| 000 | 01326nam0 2200289 450 | |
| 001 | 139327 | |
| 005 | 20140911133647.98 | |
| 010 | @a978-7-5447-3300-7@dCNY 28.00 | |
| 100 | @a20130408d2013 em y0chiy50 ea | |
| 101 | 1 | @achi@ceng |
| 102 | @aCN@b320000 | |
| 105 | @ay z 000yy | |
| 200 | 1 | @a高管之路@Agao guan zhi lu@b专著@dThe corner office@e成功·管理·领导力@eindispensable and unexpected lessons from CEOs on how to lead and succeed@f(美)布莱恩特著@F(mei)bu lai en te zhu@g叶硕,谭静译@zeng |
| 210 | @a南京@c译林出版社@d2013 | |
| 215 | @a220页@d25cm | |
| 330 | @a本书通过对七十多位美国顶尖公司高级管理者的访谈,从成功要素、管理方式和领导力三个方面,总结了公司高层管理者在商业世界取得成功所需具备的能力和要素,并提出了关于领导力的全然不同的见解和看法,为渴望出人头地的职场人士提供了颇具实用性的建议。 | |
| 510 | 1 | @aCorner office@eindispensable and unexpected lessons from CEOs on how to lead and succeed@zeng |
| 517 | 1 | @a成功·管理·领导力@Acheng gong · guan li · ling dao li |
| 606 | 0 | @a企业领导学@j通俗读物 |
| 606 | 0 | @a企业领导学 |
| 690 | @aF272.91@v5 | |
| 701 | 0 | @c(美)@a布莱恩特@Abu lai en te@c(Bryant, Adam)@4著 |
| 701 | 0 | @a布莱恩特@Abu lai en te@4著 |
| 702 | 0 | @a谭静@Atan jing@c(翻译)@4译 |
| 702 | 0 | @a叶硕@Aye shuo@f(1979 )@4译 |
| 801 | 0 | @c20140911 |
| 905 | @a241430@dF272.91@eB982 | |
| 高管之路=The corner office:成功·管理·领导力:indispensable and unexpected lessons from CEOs on how to lead and succeed/(美)布莱恩特著/叶硕,谭静译.-南京:译林出版社,2013 |
| 220页;25cm |
| ISBN 978-7-5447-3300-7:CNY 28.00 |
| 本书通过对七十多位美国顶尖公司高级管理者的访谈,从成功要素、管理方式和领导力三个方面,总结了公司高层管理者在商业世界取得成功所需具备的能力和要素,并提出了关于领导力的全然不同的见解和看法,为渴望出人头地的职场人士提供了颇具实用性的建议。 |
| ● |
| 相关链接 |
|
|
|
正题名:高管之路
索取号:F272.91/B982
 
预约/预借
| 序号 | 登录号 | 条形码 | 馆藏地/架位号 | 状态 | 备注 |
| 1 | 0830141 | 208301416 | 社科库409/409社科库 89排1列2层/ [索取号:F272.91/B982] | 在馆 | |
| 2 | 0830142 | 208301425 | 社科库409/409社科库 89排1列2层/ [索取号:F272.91/B982] | 在馆 | |
| 3 | 0830143 | 208301434 | 社科库409/409社科库 89排1列2层/ [索取号:F272.91/B982] | 在馆 |